| 000 | 00927cam a2200265u 4500 | ||
|---|---|---|---|
| 001 | 28669 | ||
| 003 | BD-RjUL | ||
| 005 | 20211209051319.0 | ||
| 008 | 140331m19339999enkh 000 0 eng | ||
| 035 | _a(BD-RjUL)28751 | ||
| 040 |
_aDLC _cCarP _dDLC _beng |
||
| 041 | _aeng | ||
| 082 |
_a940.3 _bBRI 1933 |
||
| 245 | 1 | 0 |
_aBritish documents on the origins of the war, 1898-1914 / _cedited by G.P. Gooch and Harold Temperley. |
| 260 |
_aLondon : _bH. M. STATIONARY OFFICE, _c1933 |
||
| 300 |
_aV. : _bill. ; _c28 cm. |
||
| 505 | 0 | _aVol. 1 -- Vol. 4 -- V. 11 -- | |
| 650 | 0 |
_aWorld War, 1914-1918 _vSources. _987739 |
|
| 650 | 0 |
_aWorld War, 1914-1918 _xDiplomatic history. _972533 |
|
| 700 | 1 |
_aGooch, G. P. _q(George Peabody), _d1873-1968, _eed. _987740 |
|
| 700 | 1 |
_aTemperley, Harold William Vazeille, _d1879-1939, _ejoint ed. _975741 |
|
| 710 |
_aGreat Britain _bForeign Office _9190238 |
||
| 942 |
_2ddc _cBK |
||
| 999 |
_c28669 _d28669 |
||